000 00891nam a2200301Ia 4500
001 dia_7757
003 CHAP
005 20251023151731.0
008 220117s1964 xx 000 0 und d
010 _a179223
040 _cCHAP
082 _a631.8 C66 1964
100 _aCooke, G. W.
_927714
245 _aFertilizantes y sus usos /
_c G. W. Cooke ; traducción Alonso Blackaller Valdes
260 _aMéxico :
_b CECSA,
_c1964
300 _a180 p.
500 _aTítulo original: Fertilizers and profitable farming
503 _aD.
504 _aBibliografía: p. 173-175
590 _aS633 C66 1964
650 _aFertilizantes
_940447
650 _aFertilizers
_9151965
700 _aBlackaller Valdes, Alonso, tr.
_9163414
901 _a631.8 C66 1964
902 _aA
905 _a5232271964 mx mn 8222223322spa16
942 _cLIBRO
_2ddc
999 _c179223
_d179223